Deerchos de propiedad intelectual en las obtenciones vegetales (Registro nro. 28189)

Detalles MARC
000 -LEADER
fixed length control field 00334 a2200109 4500
001 - CONTROL NUMBER
control field ART_33057
005 - DATE AND TIME OF LATEST TRANSACTION
control field 20260410161926.0
008 - FIXED-LENGTH DATA ELEMENTS--GENERAL INFORMATION
fixed length control field 260409a
100 1# - MAIN ENTRY--PERSONAL NAME
Personal name Martinolich, Alejandro
245 10 - TITLE STATEMENT
Title Deerchos de propiedad intelectual en las obtenciones vegetales
773 0# - HOST ITEM ENTRY
Title Lecturas
Related parts - Nº 12 (jun. 2008)
Record control number REV19328

No hay ítems disponibles.